Online
Catalog

El marxismo. (Record no. 48666)

MARC details
000 -CABECERA
campo de control de longitud fija 00268nam a2200109 a 4500
005 - FECHA Y HORA DE LA ÚLTIMA TRANSACCIÓN
campo de control 20201002061719.0
008 - DATOS DE LONGITUD FIJA--INFORMACIÓN GENERAL
campo de control de longitud fija 190725s1978 000 spa d
040 ## - FUENTE DE LA CATALOGACIÓN
Centro catalogador/agencia de origen DO-SdBNP
100 ## - ENTRADA PRINCIPAL--NOMBRE DE PERSONA
Nombre de persona Lefebvre, Henri
9 (RLIN) 44705
245 #3 - MENCIÓN DE TÍTULO
Título El marxismo.
260 ## - PUBLICACIÓN, DISTRIBUCIÓN, ETC.
Lugar de publicación, distribución, etc. Santo Domingo,
Fecha de publicación, distribución, etc. 1978.

No items available.

Powered by Koha